| 000 | 00000nam##2200000za#4500 |
| 001 | 9.610591 |
| 003 | CaOODSP |
| 005 | 20230202144024 |
| 007 | ta |
| 008 | 150406|1993||||xxc||||| f|0| 0 eng|d |
| 020 | |a0-662-20918-4 |
| 040 | |aCaOODSP|beng |
| 043 | |an-cn--- |
| 086 | 1 |aH72-22/12-1993E |
| 110 | 2 |aNational Clearinghouse on Family Violence (Canada). |
| 245 | 10|aAdult survivors of child sexual abuse / |cPrepared by Kathryn Ann Hill. |
| 260 | |aOttawa - Ontario : |bHealth and Welfare Canada. |c1993. |
| 300 | |a8p. : |breferences ; |c28 cm. |
| 490 | 1 |aInformation from the National Clearinghouse on Family Violence |
| 590 | |a93-38|b1993-09-24 |
| 690 | 07|aAdults|2gcpds |
| 690 | 07|aSexual offenses|2gcpds |
| 720 | 1 |aHill, Kathryn Ann |
| 776 | 0#|tAdult survivors of child sexual abuse / |w(CaOODSP)9.572642 |
| 830 | #0|aInformation from the National Clearinghouse on Family Violence.|w(CaOODSP)9.514740 |